तरू दत्त (Record no. 1022071)

MARC details
000 -LEADER
fixed length control field 01135nam a2200289Ia 4500
003 - CONTROL NUMBER IDENTIFIER
control field OSt
005 - DATE AND TIME OF LATEST TRANSACTION
control field 20221005111520.0
008 - FIXED-LENGTH DATA ELEMENTS--GENERAL INFORMATION
fixed length control field 221004b |||||||| |||| 00| 0 hin d
020 ## - INTERNATIONAL STANDARD BOOK NUMBER
International Standard Book Number 817201628X (pbk)
037 ## - SOURCE OF ACQUISITION
Terms of availability Textual
040 ## - CATALOGING SOURCE
Original cataloging agency CRL
Transcribing agency CRL
Language of cataloging hin
041 ## - LANGUAGE CODE
Source of code hin
Language code of text/sound track or separate title hin
100 ## - MAIN ENTRY--PERSONAL NAME
Personal name सेनगुप्त, पद्यिनी
245 #0 - TITLE STATEMENT
Title तरू दत्त
246 ## - VARYING FORM OF TITLE
Title proper/short title Tarū datta
250 ## - EDITION STATEMENT
Edition statement द्वितीय संस्करण
260 ## - PUBLICATION, DISTRIBUTION, ETC.
Place of publication, distribution, etc. नई दिल्ली
Name of publisher, distributor, etc. साहित्य अकादेमी भारत
Date of publication, distribution, etc. 1994
300 ## - PHYSICAL DESCRIPTION
Extent 111पृ0
Dimensions cm.
490 ## - SERIES STATEMENT
Series statement भारतीय साहित्य के निर्माता
700 ## - ADDED ENTRY--PERSONAL NAME
Personal name नवलपुरी, युगजीत, अनु.
942 ## - ADDED ENTRY ELEMENTS (KOHA)
Classification part O111,3M57w, 152N4
Koha item type Textual
Source of classification or shelving scheme
Holdings
Withdrawn status Lost status Damaged status Not for loan Home library Current library Date acquired Source of acquisition Cost, normal purchase price Total Checkouts Full call number Barcode Date last seen Cost, replacement price Price effective from Koha item type
        Central Library Central Library 2022-10-05 534, 19/03/2009, Vani Prakashan 75.00   O111,3M57w 152N4 CL1399359 2022-10-05 75.00 2022-10-05 Textual
Copyright @ Delhi University Library System